[Event "SPICE Cup Open 2016"]
[Site "Saint Louis USA"]
[Date "2016.10.17"]
[Round "1.1"]
[White "Le, Quang Liem"]
[Black "Banawa, Joel Cholo B."]
[Result "1-0"]
[WhiteTitle "GM"]
[BlackTitle "FM"]
[WhiteElo "2723"]
[BlackElo "2363"]
[WhiteFideId "12401137"]
[BlackFideId "2024055"]
[EventDate "2016.10.17"]
[EventType "swiss"]

1. c4 c5 2. Nf3 Nc6 3. Nc3 g6 4. e3 Nf6 5. d4 cxd4 6. exd4 d5 7. cxd5 Nxd5 8.
Bc4 Nb6 9. Bb3 Bg7 10. d5 Na5 11. O-O O-O 12. Re1 Bg4 13. h3 Bxf3 14. Qxf3 Nxb3
15. axb3 Re8 16. Be3 Bxc3 17. Bxb6 Qxb6 18. bxc3 a5 19. c4 Qb4 20. Re4 b5 21.
Qe3 Rac8 22. Qh6 Qc3 23. Rc1 Qg7 24. Qe3 Qf6 25. c5 Red8 26. Rxe7 Rxd5 27. Re8+
Rxe8 28. Qxe8+ Kg7 29. c6 Qf4 30. Qe1 Qc7 31. Qc3+ f6 32. g3 h5 33. h4 Rd6 34.
Qc5 Rd3 35. Kg2 b4 36. Qb5 Rd6 37. Rc5 Kh7 38. Qc4 Kg7 39. Qf4 a4 40. bxa4 b3
41. Qf3 b2 42. Rb5 Rd2 43. Qc3 Rd6 44. Rb7 Qxb7 45. cxb7 b1=Q 46. Qc7+ Rd7 47.
Qxd7+ Kh6 48. Qc8 1-0

[Event "SPICE Cup Open 2016"]
[Site "Saint Louis USA"]
[Date "2016.10.17"]
[Round "1.2"]
[White "Neimer, Vitaly"]
[Black "Robson, Ray"]
[Result "0-1"]
[WhiteTitle "IM"]
[BlackTitle "GM"]
[WhiteElo "2346"]
[BlackElo "2670"]
[WhiteFideId "2807017"]
[BlackFideId "2023970"]
[EventDate "2016.10.17"]
[EventType "swiss"]

1. Nf3 c5 2. c4 g6 3. Nc3 Bg7 4. g3 Nc6 5. Bg2 e5 6. d3 Nge7 7. O-O O-O 8. Bd2
d6 9. a3 a5 10. Rb1 Be6 11. Ng5 Bf5 12. Nb5 b6 13. b4 axb4 14. axb4 cxb4 15.
Bxb4 h6 16. Ne4 Nxb4 17. Rxb4 d5 18. Nec3 Be6 19. cxd5 Nxd5 20. Nxd5 Bxd5 21.
Bxd5 Qxd5 22. e4 Qb7 23. Nc3 Rfb8 24. Rb5 Qd7 25. Qb1 h5 26. Nd5 Ra1 27. Qb2 Ra2
28. Qxa2 Qxb5 29. Qc4 Qd7 30. Rb1 b5 31. Qc5 h4 32. Qe7 Qxe7 33. Nxe7+ Kh7 34.
gxh4 Bf6 35. Nd5 Bxh4 36. Kg2 Ra8 37. Rb2 Ra3 38. f4 exf4 39. Nxf4 Bg5 40. Ne2
Rxd3 41. Rxb5 Kh6 42. Ng3 Rd2+ 43. Kh3 Rf2 44. Rb1 Bf4 45. Rb5 f6 46. Rb1 Be5
47. Rg1 Rc2 48. Rg2 Rc4 49. Re2 Kg5 50. Kg2 Rc3 51. Kh3 Kf4 52. Kg2 Re3 53. Rf2+
Kg4 54. Re2 Rd3 55. Nf1 Bf4 56. Rf2 Be5 57. Re2 Kf4 58. Ng3 Bd4 59. Ra2 Bc5 60.
Re2 Be3 61. Rc2 Rd1 62. Ne2+ Kg5 63. Kf3 Ba7 64. Nc3 Rf1+ 65. Kg2 Re1 66. Re2
Rc1 67. Nd5 Bd4 68. Rd2 Be5 69. Re2 Rd1 70. Ne3 Rc1 71. Nd5 Rb1 72. Ne3 Kh4 73.
Nd5 Bd4 74. Rd2 Be5 75. Re2 Kg5 76. Ne3 Rc1 77. Nd5 Bd4 78. Rd2 Be5 79. Re2 Rd1
80. Kf3 Rd3+ 81. Kg2 f5 82. Ne7 Bd6 83. Nc6 Kf6 84. exf5 gxf5 85. Nd8 f4 86. Rf2
Kf5 87. Nf7 Bc5 88. Nh6+ Kg6 89. Ng4 Kf5 90. Nh6+ Ke4 91. Rf1 f3+ 92. Kh3 Rd2
93. Kg4 Rg2+ 94. Kh5 Kf4 95. h4 f2 96. Ra1 Rg1 0-1

[Event "SPICE Cup Open 2016"]
[Site "Saint Louis USA"]
[Date "2016.10.17"]
[Round "1.4"]
[White "Colas, Joshua"]
[Black "Shimanov, Aleksandr"]
[Result "1/2-1/2"]
[WhiteTitle "FM"]
[BlackTitle "GM"]
[WhiteElo "2335"]
[BlackElo "2639"]
[WhiteFideId "2044447"]
[BlackFideId "4198603"]
[EventDate "2016.10.17"]
[EventType "swiss"]

1. c4 g6 2. Nc3 Bg7 3. g3 Nf6 4. Bg2 O-O 5. Nf3 d6 6. O-O e5 7. d3 Nh5 8. d4 Bd7
9. h3 Re8 10. e4 exd4 11. Nxd4 Nc6 12. Be3 a6 13. Nxc6 Bxc6 14. Bd4 Be5 15. Bxe5
dxe5 16. Qxd8 Raxd8 17. Nd5 Bxd5 18. cxd5 Re7 19. Kh2 f5 20. f3 f4 21. g4 Ng3
22. Rf2 g5 23. Rc1 Kf8 24. Rfc2 Rdd7 25. b4 Ke8 26. a4 Kd8 27. Bf1 h5 28. Kg1
Rd6 29. Kf2 hxg4 30. hxg4 Nxf1 31. Kxf1 Rh6 32. Rg2 Rh1+ 33. Rg1 Reh7 34. Rc2
R1h3 35. Rf2 Kd7 36. Ke2 Rh1 37. Rxh1 Rxh1 38. Kd3 Kd6 39. Kc3 b6 40. Rd2 Rf1
41. Rd3 Rc1+ 42. Kb2 Rf1 43. Rc3 Kd7 44. Ka2 Rd1 45. Kb2 Rd2+ 46. Kb3 Rf2 47.
Ka3 Rf1 1/2-1/2

[Event "SPICE Cup Open 2016"]
[Site "Saint Louis USA"]
[Date "2016.10.17"]
[Round "1.6"]
[White "Grabinsky, Aaron"]
[Black "Durarbayli, Vasif"]
[Result "1-0"]
[BlackTitle "GM"]
[WhiteElo "2330"]
[BlackElo "2608"]
[WhiteFideId "2087090"]
[BlackFideId "13402935"]
[EventDate "2016.10.17"]
[EventType "swiss"]

1. d4 Nf6 2. Bf4 g6 3. Nf3 Bg7 4. e3 O-O 5. Be2 d6 6. h3 b6 7. O-O Bb7 8. c4 c5
9. Qb3 cxd4 10. exd4 Nc6 11. Nc3 Rc8 12. d5 Na5 13. Qb4 Ba6 14. Nd2 Qd7 15. Rac1
Nh5 16. Bg4 Qxg4 17. hxg4 Nxf4 18. b3 Nd3 19. Qa3 Bd4 20. Rc2 Bc5 21. Qa4 Nb4
22. Rb2 Nd3 23. Rbb1 Bb4 24. Nde4 f5 25. gxf5 gxf5 26. Rbd1 fxe4 27. Rxd3 exd3
28. Qxb4 Nb7 29. Qa3 Nc5 30. b4 Bxc4 31. bxc5 bxc5 32. Rd1 1-0

[Event "SPICE Cup Open 2016"]
[Site "Saint Louis USA"]
[Date "2016.10.17"]
[Round "1.7"]
[White "Nyzhnyk, Illya"]
[Black "Williams, Justus D"]
[Result "1-0"]
[WhiteTitle "GM"]
[BlackTitle "FM"]
[WhiteElo "2607"]
[BlackElo "2313"]
[WhiteFideId "14118084"]
[BlackFideId "2049929"]
[EventDate "2016.10.17"]
[EventType "swiss"]

1. c4 Nf6 2. Nc3 c5 3. g3 g6 4. Bg2 Bg7 5. Nf3 Nc6 6. d4 cxd4 7. Nxd4 O-O 8. O-O
d6 9. Nxc6 bxc6 10. Bxc6 Rb8 11. Bg2 Ba6 12. Qa4 Qc8 13. Nb5 Bxb5 14. cxb5 Qc5
15. Bc6 Qh5 16. f3 Qc5+ 17. Kg2 Nd5 18. Qe4 Nb4 19. Be3 Qc2 20. Qxb4 Qxc6 21. a4
a6 22. Rac1 Qd7 23. b6 Qe6 24. Bf2 Qxe2 25. Rfe1 Qxb2 26. Qxb2 Bxb2 27. Rb1 Ba3
28. Rxe7 a5 29. b7 Bc5 30. Bxc5 dxc5 31. Rb5 Rfd8 32. Rxc5 1-0

[Event "SPICE Cup Open 2016"]
[Site "Saint Louis USA"]
[Date "2016.10.17"]
[Round "1.8"]
[White "Santarius, Erik F"]
[Black "Sevian, Samuel"]
[Result "0-1"]
[BlackTitle "GM"]
[WhiteElo "2289"]
[BlackElo "2591"]
[WhiteFideId "2025817"]
[BlackFideId "2040506"]
[EventDate "2016.10.17"]
[EventType "swiss"]

1. e4 e5 2. Nf3 Nc6 3. Bb5 a6 4. Ba4 Nf6 5. O-O d6 6. Bxc6+ bxc6 7. d4 exd4 8.
Qxd4 c5 9. Qd3 Bb7 10. Nc3 Be7 11. e5 dxe5 12. Qxd8+ Rxd8 13. Nxe5 O-O 14. Be3
Nd5 15. Nxd5 Rxd5 16. Nc4 Bf6 17. c3 Bc8 18. Rfd1 Be6 19. Rdc1 Rb8 20. b3 h5 21.
Nb2 Rbd8 22. Kf1 h4 23. h3 Bf5 24. Na4 c4 25. Nb2 cxb3 26. axb3 Rb8 27. Rxa6
Rxb3 28. Ra8+ Kh7 29. Nd1 Bd3+ 30. Ke1 Be4 31. Ra7 Bxg2 32. Rxc7 Bxh3 33. Rxf7
Bg4 34. Bd4 Bxd4 35. cxd4 h3 36. Ne3 h2 37. Kd2 Rxd4+ 38. Kc2 Rxe3 0-1

[Event "SPICE Cup Open 2016"]
[Site "Saint Louis USA"]
[Date "2016.10.17"]
[Round "1.9"]
[White "Li, Ruifeng"]
[Black "Niemann, Hans M"]
[Result "1-0"]
[WhiteTitle "IM"]
[BlackTitle "FM"]
[WhiteElo "2538"]
[BlackElo "2288"]
[WhiteFideId "2061074"]
[BlackFideId "2093596"]
[EventDate "2016.10.17"]
[EventType "swiss"]

1. b3 e5 2. Bb2 Nc6 3. e3 Nf6 4. h3 d5 5. Bb5 Bd6 6. Nf3 Qe7 7. d4 exd4 8. Qxd4
Bd7 9. Bxc6 bxc6 10. Nbd2 c5 11. Qh4 Ne4 12. Nxe4 dxe4 13. Bxg7 Qxh4 14. Nxh4
Rg8 15. Bf6 h5 16. O-O-O Be6 17. g3 Rb8 18. Ng2 Rg6 19. Bc3 Rd8 20. Kb2 Ke7 21.
Rd2 Rgg8 22. Re2 Bc8 23. Nf4 Ba6 24. Nd5+ Ke6 25. Rd2 Bb7 26. Rhd1 Rc8 27. Ba5
Rg5 28. Nf4+ Ke7 29. h4 Rf5 30. c4 Bc6 31. Kc1 Rg8 32. Re2 Rg4 33. Kd2 Kd7 34.
Ke1 Kc8 35. Red2 Bxf4 36. Rd8+ Kb7 37. exf4 e3 38. R1d3 exf2+ 39. Kxf2 Rg7 40.
Bc3 Rg6 41. Re3 Rd6 42. Rd3 Re6 43. Rh8 Rd6 44. Rxd6 cxd6 45. Rh6 Kc7 46. Ke3
Bd7 47. Ba5+ Kc6 48. Bd8 Be6 49. Bg5 d5 50. Kd3 Kd7 51. Rxh5 f6 52. g4 fxg5 53.
gxf5 Bxf5+ 54. Kd2 1-0

[Event "SPICE Cup Open 2016"]
[Site "Saint Louis USA"]
[Date "2016.10.17"]
[Round "1.10"]
[White "Rahul, Srivatshav P"]
[Black "Kannappan Priyadharshan"]
[Result "1/2-1/2"]
[BlackTitle "IM"]
[WhiteElo "2277"]
[BlackElo "2525"]
[WhiteFideId "25059653"]
[BlackFideId "5018293"]
[EventDate "2016.10.17"]
[EventType "swiss"]

1. d4 e6 2. c4 f5 3. Nc3 Nf6 4. Nf3 Bb4 5. Qc2 b6 6. g3 Bb7 7. Bg2 Be4 8. Qb3
Bxc3+ 9. Qxc3 O-O 10. O-O Qe7 11. b3 d6 12. Bb2 Nbd7 13. Rad1 Rae8 14. a3 e5 15.
b4 Kh8 16. Rfe1 f4 17. dxe5 dxe5 18. c5 bxc5 19. bxc5 Bc6 20. Nxe5 Bxg2 21. Nxd7
Nxd7 22. Qxg7+ Qxg7 23. Bxg7+ Kxg7 24. Rxd7+ Rf7 25. Rxf7+ Kxf7 26. Kxg2 fxg3
27. hxg3 Re5 28. Rd1 Rxc5 29. Rd7+ Kg6 30. Kf3 a5 31. e4 Rc3+ 32. Kf4 a4 33. f3
h5 34. Rd4 Rxa3 35. Rc4 c5 36. Rxc5 Rb3 37. Rc6+ Kg7 38. g4 h4 39. Rc7+ Kg6 40.
Rc6+ Kg7 41. Rc2 a3 42. Ra2 Kg6 43. g5 Kh5 44. e5 Rb8 45. Rxa3 Rf8+ 46. Ke3 Kxg5
47. Ra4 Rb8 48. Rg4+ Kf5 49. Rxh4 Rb3+ 1/2-1/2

[Event "SPICE Cup Open 2016"]
[Site "Saint Louis USA"]
[Date "2016.10.17"]
[Round "1.11"]
[White "Chandra, Akshat"]
[Black "Sharevich, Anna"]
[Result "1-0"]
[WhiteTitle "IM"]
[BlackTitle "WGM"]
[WhiteElo "2490"]
[BlackElo "2268"]
[WhiteFideId "25006711"]
[BlackFideId "13503189"]
[EventDate "2016.10.17"]
[EventType "swiss"]

1. e4 c5 2. Nf3 e6 3. d4 cxd4 4. Nxd4 a6 5. Bd3 Qc7 6. O-O Nf6 7. Qe2 d6 8. c4
Nbd7 9. Nc3 Ne5 10. Bg5 Nxd3 11. Qxd3 Be7 12. Rac1 O-O 13. Rfe1 Ng4 14. Bxe7
Qxe7 15. Nf3 e5 16. Red1 Be6 17. Qxd6 Qxd6 18. Rxd6 Bxc4 19. h3 Nf6 20. Nxe5 Be6
21. Rcd1 b5 22. Nc6 Ne8 23. R6d4 Nc7 24. f4 Rfe8 25. f5 Bc8 26. b4 f6 27. Kf2
Bb7 28. Na5 Bc8 29. g4 Kf8 30. h4 Rb8 31. Rd6 Na8 32. g5 Rb6 33. gxf6 gxf6 34.
Kf3 Rxd6 35. Rxd6 Kg7 36. Nd5 Rf8 37. Kf4 h5 38. a3 1-0

[Event "SPICE Cup Open 2016"]
[Site "Saint Louis USA"]
[Date "2016.10.17"]
[Round "1.12"]
[White "Betaneli, Alexander"]
[Black "Gurevich, Daniel"]
[Result "1-0"]
[WhiteTitle "FM"]
[BlackTitle "IM"]
[WhiteElo "2259"]
[BlackElo "2488"]
[WhiteFideId "2012359"]
[BlackFideId "2044676"]
[EventDate "2016.10.17"]
[EventType "swiss"]

1. c4 Nf6 2. g3 e5 3. Bg2 d5 4. cxd5 Nxd5 5. Nc3 Nb6 6. Nf3 Nc6 7. O-O Be7 8. d3
O-O 9. Be3 Re8 10. Rc1 Bf8 11. Na4 Nd4 12. Nc5 Bxc5 13. Rxc5 Bg4 14. Bxd4 exd4
15. Qd2 Qd6 16. Rfc1 c6 17. R5c2 Be6 18. Qa5 h6 19. Kf1 Re7 20. b4 Nd5 21. Qc5
Rd7 22. Qxd6 Rxd6 23. Rb2 Nb6 24. b5 cxb5 25. Rxb5 Bxa2 26. Ra1 Bd5 27. Nxd4
Bxg2+ 28. Kxg2 g6 29. Nb3 a6 30. Re5 Nd7 31. Re4 Rc8 32. d4 Rc3 33. Na5 b5 34.
Nb7 Rb6 35. Re8+ Kg7 36. Na5 b4 37. Re7 Rd6 38. e3 Kf8 39. Re4 Rb6 40. Rb1 b3
41. d5 b2 42. Rc4 Ra3 43. Rc8+ Ke7 44. Nc4 Ra1 45. Rxb2 Rxb2 46. Nxb2 Nb6 47.
Rc7+ Kd8 48. Rc6 Nc8 49. Nc4 a5 50. Ne5 Ne7 51. Ra6 Rd1 52. d6 Nc8 53. d7 Ne7
54. Ra7 1-0

[Event "SPICE Cup Open 2016"]
[Site "Saint Louis USA"]
[Date "2016.10.17"]
[Round "1.13"]
[White "Liang, Awonder"]
[Black "Adamson, Robby"]
[Result "1-0"]
[WhiteTitle "IM"]
[BlackTitle "FM"]
[WhiteElo "2478"]
[BlackElo "2247"]
[WhiteFideId "2056437"]
[BlackFideId "2009730"]
[EventDate "2016.10.17"]
[EventType "swiss"]

1. Nf3 Nf6 2. g3 d5 3. Bg2 e6 4. O-O Be7 5. b3 c5 6. Bb2 Nc6 7. c4 O-O 8. e3 b6
9. Nc3 Bb7 10. d3 Qc8 11. cxd5 exd5 12. Ne2 Rd8 13. Rc1 a5 14. Nf4 Qd7 15. d4
Ne4 16. dxc5 bxc5 17. Nh4 f5 18. Qh5 Bxh4 19. Bxe4 fxe4 20. Qxh4 c4 21. bxc4
dxc4 22. Nh5 Qe7 23. Qxe7 Nxe7 24. Rxc4 Nd5 25. Rfc1 g6 26. Nf6+ Nxf6 27. Bxf6
Rd7 28. Rc7 Rxc7 29. Rxc7 Bd5 30. a3 Bf7 31. g4 h6 32. h4 g5 33. hxg5 hxg5 34.
Bxg5 Be6 35. Bf6 Ra6 36. g5 Bf5 37. Kg2 1-0

[Event "SPICE Cup Open 2016"]
[Site "Saint Louis USA"]
[Date "2016.10.17"]
[Round "1.14"]
[White "Eckert, Doug D."]
[Black "Ashwin, Jayaram"]
[Result "0-1"]
[WhiteTitle "FM"]
[BlackTitle "GM"]
[WhiteElo "2191"]
[BlackElo "2468"]
[WhiteFideId "2001993"]
[BlackFideId "5018137"]
[EventDate "2016.10.17"]
[EventType "swiss"]

1. c4 Nf6 2. g3 e5 3. Bg2 h6 4. Nc3 Bb4 5. Nf3 Qe7 6. O-O O-O 7. d3 c6 8. Bd2 d6
9. Ne4 Bxd2 10. Nxf6+ Qxf6 11. Nxd2 Bg4 12. Qb3 Qe7 13. Rae1 Na6 14. Qa3 Qd7 15.
e3 Rfe8 16. b4 Nc7 17. Qb3 d5 18. f4 exf4 19. Rxf4 Be6 20. Qc2 dxc4 21. dxc4 a5
22. a3 axb4 23. axb4 Qe7 24. Qc3 Ra4 25. Rb1 Rea8 26. Ne4 Ra2 27. Rbf1 b5 28.
Qe5 Rxg2+ 0-1

[Event "SPICE Cup Open 2016"]
[Site "Saint Louis USA"]
[Date "2016.10.17"]
[Round "1.15"]
[White "Kiewra, Keaton F"]
[Black "Rosenthal, Nicholas"]
[Result "0-1"]
[WhiteTitle "IM"]
[WhiteElo "2454"]
[BlackElo "2136"]
[WhiteFideId "2019280"]
[BlackFideId "2045150"]
[EventDate "2016.10.17"]
[EventType "swiss"]

1. d4 e6 2. Nf3 f5 3. Nc3 Nf6 4. Bg5 d5 5. e3 c5 6. Bd3 Nc6 7. O-O h6 8. Bh4 g5
9. Bg3 cxd4 10. Nb5 dxe3 11. fxe3 Bc5 12. Nc7+ Kf7 13. Nxa8 f4 14. Be1 e5 15. b4
Bxe3+ 16. Kh1 e4 17. b5 Ne7 18. Ne5+ Ke6 19. Ng4 Nxg4 20. Qxg4+ Ke5 21. Qd1 exd3
22. Qxd3 Bf5 23. Qa3 Be4 24. c4 Nf5 25. Rd1 Nh4 26. Rg1 Qf8 27. Bb4 Qxa8 28.
Bc3+ Kf5 29. Qe7 Rf8 30. cxd5 Qe8 31. Qh7+ Kg4 32. Qxh6 f3 33. h3+ Kg3 34. Qd6+
Rf4 35. Be1+ f2 36. Bxf2+ Bxf2 37. Qa3+ Bf3 38. gxf3+ Bxg1 39. Rxg1+ Kxh3 40.
Qb2 Nxf3 41. Rf1 Qe4 42. Qg2+ Kh4 43. d6 Kh5 0-1

[Event "SPICE Cup Open 2016"]
[Site "Saint Louis USA"]
[Date "2016.10.17"]
[Round "1.16"]
[White "Voelker, James"]
[Black "Sukandar, Irine Kharisma"]
[Result "1-0"]
[BlackTitle "IM"]
[WhiteElo "2112"]
[BlackElo "2432"]
[WhiteFideId "2018853"]
[BlackFideId "7101937"]
[EventDate "2016.10.17"]
[EventType "swiss"]

1. e4 c5 2. d4 cxd4 3. c3 dxc3 4. Nxc3 Nc6 5. Nf3 d6 6. Bc4 Nf6 7. e5 dxe5 8.
Qxd8+ Kxd8 9. Ng5 Kc7 10. Nxf7 Rg8 11. Nb5+ Kd7 12. Be3 e6 13. O-O-O+ Ke7 14.
Ng5 b6 15. Rd6 Na5 16. Bxe6 h6 17. Bxg8 Nxg8 18. Rhd1 Nc4 19. Rd8 Nxe3 20. fxe3
hxg5 21. Nc7 Rb8 22. Re8+ Kf7 23. Rdd8 Be7 24. Rxc8 Rxc8 25. Rxc8 Nf6 26. Kd2 e4
27. a3 a5 28. Nb5 Ng4 29. Rc4 Nxh2 30. Rxe4 Nf1+ 31. Kd3 Ng3 32. Rc4 Nf5 33. Nd4
Nd6 34. Rc6 b5 35. Rb6 g4 36. Nxb5 Nf5 37. Nd4 Nh4 38. g3 Nf3 39. Rb5 1-0

[Event "SPICE Cup Open 2016"]
[Site "Saint Louis USA"]
[Date "2016.10.17"]
[Round "1.17"]
[White "Brown, Michael William"]
[Black "Gosdin, Kaleb Ryder"]
[Result "1-0"]
[WhiteTitle "IM"]
[WhiteElo "2431"]
[BlackElo "1953"]
[WhiteFideId "2037602"]
[BlackFideId "30920442"]
[EventDate "2016.10.17"]
[EventType "swiss"]

1. d4 d5 2. c4 e6 3. Nc3 Nf6 4. cxd5 exd5 5. Bg5 c6 6. Qc2 Na6 7. e3 Nb4 8. Qd2
Bf5 9. Rc1 a5 10. a3 Na6 11. h3 Be7 12. Bd3 Bxd3 13. Qxd3 O-O 14. Nge2 Re8 15.
Bxf6 Bxf6 16. O-O Be7 17. f4 Nb8 18. Ng3 Nd7 19. Rf3 Nf6 20. Nf5 Bf8 21. g4 Ne4
22. Kg2 Qb6 23. Na4 Qa6 24. Qc2 Re6 25. Ng3 Nxg3 26. Kxg3 Rae8 27. Kf2 Qa7 28.
Qb3 Qb8 29. Qd3 Be7 30. Nc5 Bxc5 31. Rxc5 Qc7 32. Qc3 h5 33. Rxa5 hxg4 34. hxg4
Rh6 35. Rxd5 Qe7 36. Rg5 Rh2+ 37. Kg3 Qe4 38. Rh5 Rxh5 39. gxh5 Qf5 40. Qc5 Qb1
41. Qg5 Qg1+ 42. Kh4 Qh2+ 43. Rh3 Qf2+ 44. Rg3 Qh2+ 45. Rh3 Qf2+ 46. Rg3 Qh2+
47. Kg4 Qe2+ 48. Kh3 Rxe3 49. Qxg7# 1-0

[Event "SPICE Cup Open 2016"]
[Site "Saint Louis USA"]
[Date "2016.10.17"]
[Round "1.18"]
[White "Mercado, Luisa Fernanda"]
[Black "Kaliksteyn, Alexander"]
[Result "0-1"]
[WhiteTitle "WFM"]
[BlackTitle "FM"]
[WhiteElo "1939"]
[BlackElo "2412"]
[WhiteFideId "4400984"]
[BlackFideId "2007630"]
[EventDate "2016.10.17"]
[EventType "swiss"]

1. e4 c5 2. Nc3 g6 3. f4 Bg7 4. Nf3 Nc6 5. Bb5 Nd4 6. O-O Nxb5 7. Nxb5 Nf6 8.
Qe2 b6 9. d3 Bb7 10. c4 d6 11. e5 dxe5 12. fxe5 Ng4 13. Ng5 Nxe5 14. Bf4 Qxd3
15. Nc7+ Kf8 16. Qxd3 Nxd3 17. Nxa8 Bxa8 18. Be3 Bf6 19. Rab1 h6 20. Nh3 Ne5 21.
b3 Ng4 22. Bf2 Nxf2 23. Nxf2 Bd4 24. Kh1 e5 25. Rbe1 Kg7 26. Ng4 Re8 27. h3 f5
28. Nf2 e4 29. Nd1 Kf6 30. Kh2 Ke5 31. g3 g5 32. Ne3 Bxe3 33. Rxe3 f4 34. Ree1
Rd8 35. gxf4+ gxf4 36. Rd1 Rd4 37. Kg1 e3 38. Rfe1 Ke4 39. a4 0-1

[Event "SPICE Cup Open 2016"]
[Site "Saint Louis USA"]
[Date "2016.10.17"]
[Round "1.19"]
[White "Duran Vega, Sergio"]
[Black "Cervantes Landeiro, Thalia"]
[Result "1/2-1/2"]
[WhiteTitle "FM"]
[BlackTitle "WCM"]
[WhiteElo "2383"]
[BlackElo "1910"]
[WhiteFideId "6501311"]
[BlackFideId "3520498"]
[EventDate "2016.10.17"]
[EventType "swiss"]

1. e4 e5 2. Nf3 Nc6 3. Bb5 Nf6 4. d3 Bc5 5. c3 O-O 6. Nbd2 d6 7. O-O Ne7 8. d4
exd4 9. cxd4 Bb6 10. h3 Ng6 11. Re1 c6 12. Bf1 Re8 13. b3 Ba5 14. Bb2 Nf4 15. a3
N6h5 16. Kh2 Bxd2 17. Qxd2 Ng6 18. d5 c5 19. b4 b6 20. g3 Bd7 21. e5 dxe5 22.
Nxe5 Nxe5 23. Bxe5 Nf6 24. bxc5 bxc5 25. Bg2 Rc8 26. Rab1 Bf5 27. Rb7 a6 28. Qf4
Bg6 29. Bxf6 Qxf6 30. Qxf6 gxf6 31. Rxe8+ Rxe8 32. g4 Be4 33. Rb6 Bxg2 34. Kxg2
Rd8 35. d6 c4 36. Rxa6 c3 37. Rc6 c2 38. a4 Rxd6 39. Rxc2 Ra6 40. Ra2 Ra5 41.
Kf3 Kf8 42. Ke4 Ke7 43. f4 Kd6 44. Kd4 Kc6 45. Kc4 Kb6 46. Rb2+ Kc6 47. Kb4 Rd5
48. Rc2+ Kb6 49. Rc4 h5 50. Re4 h4 51. Kc4 Ra5 52. Kd3 f5 53. Rb4+ Kc5 54. Rc4+
Kd6 55. g5 Ra6 56. Kc3 Kd5 57. Rd4+ Kc5 58. Kd3 Ra7 59. Rc4+ Kd5 60. Rb4 Kd6 61.
Kd4 Ra6 62. Kc4 Kc6 63. Kd4 Kd6 64. Rc4 Ra5 65. Ke3 Kd5 66. Rb4 Kd6 67. Rb6+ Ke7
68. Rb4 Kd6 69. Kf3 Ke6 70. Rb6+ Ke7 71. Rb5 Rxa4 72. Rxf5 Ra8 73. Kg4 Rh8 74.
Rf6 Kf8 75. g6 Kg7 76. Kg5 fxg6 77. Rxg6+ Kf7 78. f5 Rc8 79. Rb6 Rc7 80. Rh6 Rc1
81. Rh7+ Kg8 82. Rxh4 Kg7 83. f6+ Kf7 84. Rh7+ Kg8 85. Rg7+ Kf8 86. h4 Rg1+ 87.
Kh6 Rf1 88. Kg6 Rg1+ 89. Kh7 Rf1 90. h5 Rxf6 91. h6 Rf7 92. Kh8 Rf6 93. h7 Rf7
94. Rg8+ Ke7 95. Rg3 Kf8 96. Rg8+ Ke7 97. Rg6 Kf8 98. Rg5 Rf4 99. Rg8+ Kf7 100.
Rb8 Rf3 101. Rb7+ Kf8 102. Rb5 Rf2 103. Rd5 Rf3 104. Rd8+ Kf7 105. Rg8 Rf2 106.
Rg4 Kf8 107. Rg3 Rf1 108. Rg8+ Kf7 109. Rg5 Kf8 110. Rg2 Rf3 1/2-1/2

[Event "SPICE Cup Open 2016"]
[Site "Saint Louis USA"]
[Date "2016.10.18"]
[Round "2.1"]
[White "Ashwin, Jayaram"]
[Black "Le, Quang Liem"]
[Result "1/2-1/2"]
[WhiteTitle "GM"]
[BlackTitle "GM"]
[WhiteElo "2468"]
[BlackElo "2723"]
[WhiteFideId "5018137"]
[BlackFideId "12401137"]
[EventDate "2016.10.17"]
[EventType "swiss"]

1. d4 f5 2. g3 Nf6 3. Bg2 g6 4. Nf3 Bg7 5. O-O O-O 6. c4 d6 7. Nc3 Qe8 8. Nd5
Nxd5 9. cxd5 Nd7 10. Ng5 Nb6 11. Qc2 h6 12. Ne6 Bxe6 13. dxe6 c6 14. e4 d5 15.
exf5 gxf5 16. Re1 Qg6 17. Qc5 Rf6 18. Qxe7 Re8 19. Qxb7 Rfxe6 20. Bd2 Bxd4 21.
Qxa7 Qg7 22. Qxg7+ Kxg7 23. Rxe6 Rxe6 24. Bc3 Bxc3 25. bxc3 Na4 26. Rc1 Kf6 27.
Kf1 Ke7 28. c4 d4 29. c5 d3 30. Re1 Nxc5 31. Bxc6 Ne4 32. Bxe4 fxe4 33. Re3 Kf6
34. f3 Rc6 35. Ke1 Rc1+ 36. Kd2 Rc2+ 37. Kd1 exf3 1/2-1/2

[Event "SPICE Cup Open 2016"]
[Site "Saint Louis USA"]
[Date "2016.10.18"]
[Round "2.2"]
[White "Robson, Ray"]
[Black "Liang, Awonder"]
[Result "1-0"]
[WhiteTitle "GM"]
[BlackTitle "IM"]
[WhiteElo "2670"]
[BlackElo "2478"]
[WhiteFideId "2023970"]
[BlackFideId "2056437"]
[EventDate "2016.10.17"]
[EventType "swiss"]

1. e4 e5 2. Nf3 Nc6 3. Bc4 Bc5 4. c3 Nf6 5. d3 d6 6. O-O O-O 7. a4 a6 8. h3 h6
9. Re1 Be6 10. Bxe6 fxe6 11. Nbd2 Nh5 12. Nf1 Qf6 13. b4 Ba7 14. Be3 Nf4 15. Kh2
Rf7 16. Ra2 Raf8 17. b5 Nxg2 18. Kxg2 Bxe3 19. Rxe3 Ne7 20. Kh1 Ng6 21. N1h2 Nf4
22. Ne1 d5 23. Ng2 axb5 24. axb5 dxe4 25. dxe4 Nxg2 26. Kxg2 Qh4 27. Qe1 Rf4 28.
Rae2 h5 29. Rg3 Kh7 30. Rd2 g5 31. Qe3 g4 32. hxg4 hxg4 33. b6 cxb6 34. Qxb6
R8f7 35. c4 Qh5 36. Qe3 Qg6 37. Re2 Kh8 38. Qb6 Qh5 39. Rd2 Qg6 40. Qd8+ Kg7 41.
Qh4 Qxe4+ 42. f3 Qe3 43. Rf2 e4 44. Nxg4 exf3+ 45. Kh3 1-0

[Event "SPICE Cup Open 2016"]
[Site "Saint Louis USA"]
[Date "2016.10.18"]
[Round "2.3"]
[White "Brown, Michael William"]
[Black "Xiong, Jeffery"]
[Result "0-1"]
[WhiteTitle "IM"]
[BlackTitle "GM"]
[WhiteElo "2431"]
[BlackElo "2647"]
[WhiteFideId "2037602"]
[BlackFideId "2047640"]
[EventDate "2016.10.17"]
[EventType "swiss"]

1. d4 Nf6 2. c4 e6 3. Nc3 Bb4 4. Qc2 b6 5. e4 c5 6. d5 Qe7 7. Be2 d6 8. Nf3 O-O
9. O-O Bxc3 10. bxc3 exd5 11. exd5 Bf5 12. Bd3 Bxd3 13. Qxd3 Qe4 14. Qxe4 Nxe4
15. Re1 Re8 16. Ng5 Nf6 17. Bf4 Nbd7 18. Bxd6 h6 19. Nf3 Ne4 20. Bg3 f5 21. Rac1
g5 22. Bc7 Kf7 23. h3 Rac8 24. Bh2 Re7 25. Red1 Rce8 26. Kf1 f4 27. Rc2 h5 28.
h4 g4 29. Bxf4 gxf3 30. gxf3 Nef6 31. Bd6 Re5 32. Bxe5 Nxe5 33. f4 Nxc4 34. Re2
Rd8 35. d6 Rxd6 36. Rxd6 Nxd6 37. Kg2 Nf5 38. Re5 Nxh4+ 39. Kg3 Ng6 40. Re1 Ne7
41. Kf3 c4 42. Rd1 Ned5 43. Rc1 Kg6 44. a3 Kf5 45. Rd1 Nxc3 46. Rc1 Nce4 47. Ke3
c3 48. f3 Nd5+ 49. Kd4 Nef6 0-1